00750nam a2200217 a 450000100060000000300090000600800410001502000150005604000280007104100110009908200150011010000380012524501550016325000120031826000440033030000200037449000290039454600350042365000330045870000410049124672CO-ViMGA141112s2004 ck r 000 u spa d a8437619424 aCO-ViMGAbspacCO-ViMGA aspager04a831.7 H6521 aHolderlin, Friedrich, 1770 - 184310aAntología poética / cFriedrich Holderlin ; edición bilingue de Federico Bermúdez - Cañete ; traducción de Federico Bermúdez - Cañete. a2a. ed. aMadrid : bEdiciones Cátedra, c2002. a251 p. ; 18 cm. aLetras universales ; 326 aTexto en español y alemán.14aPoesía alemana - Siglo XIX1 aBermúdez - Cañete, Federico, ed.